15 Largest Cities in the Middle East With a Map - Statistics

General Stats
  • This quiz has been taken 117,184 times
    35,311 since last reset
  • The average score is 12 of 15
Answers on the Map
Answers color-coded by a green-red scale on the quiz's map according to % correct below.
 
Answer Stats
Population City % Correct
22.8 m Cairo
98%
16.0 m Istanbul
98%
6.05 m Dubai
96%
16.8 m Tehran
94%
5.20 m Ankara
93%
7.80 m Baghdad
91%
6.25 m Alexandria
89%
7.70 m Riyadh
88%
3.98 m Damascus
87%
5.05 m Kuwait City
87%
6.15 m Amman
78%
3.28 m Sana'a
72%
3.95 m Jeddah
63%
3.43 m Isfahan
37%
3.48 m Mashhad
28%
No matching quizzes found
Score Distribution
Percent of People with Each Score
Percentile by Number Answered
Your Score History
You have not taken this quiz since the last reset